Statistics for Star wars episode 4 character quiz

Click here to take the quiz!

General Stats

  • This quiz has been taken 15 times
  • The average score is 12 of 14

Answer Stats

HintAnswer% Correct
A protocol droid that seems to be worried about everythingC-3PO
100%
Sith lord with a tendency to choke peopleDarth Vader
100%
A smuggler and captain of the millennium falconHan Solo
100%
A farm boy who lives on TatooineLuke Skywalker
100%
Jedi Master living as a hermit on TatooineObi-Wan Kenobi
100%
A princess from AlderaanPrincess Leia
100%
An Astromech droid and best friend of the aboveR2-D2
100%
A Wookie and co-pilot of the millennium falconChewbacca
93%
He runs the Death StarGrand Moff Tarkin
87%
Bounty Hunter that was killed in the Mos Eisley CantinaGreedo
73%
Short little scavengers on Tatooine that collect then sell droidsJawas
60%
Moisture farmer on TatooineOwen Lars
60%
Wife of the aboveBeru Lars
40%
Friend of Luke Skywalker and rebel pilotBiggs Darklighter
40%

Score Distribution

Percentile by Number Answered

Percent of People with Each Score

Your Score History

You have not taken this quiz